Statistics for Football Leagues With the Most Foreign Managers

Click here to take the quiz!

General Stats

  • This quiz has been taken 27 times
  • The average score is 9 of 19

Answer Stats

#%RatioConfederationAnswer% Correct
1756.259 of 16AsiaChina
88%
57515 of 20UEFAEngland
79%
1955.5515 of 27CONCACAFMLS
67%
193.7515 of 16AsiaSaudi Arabia
67%
7756 of 8CONCACAFCanada
58%
1166.6712 of 18CONCACAFMexico
58%
385.7212 of 14AsiaUnited Arab Emirates
58%
1361.1111 of 18CONMEBOLPeru
54%
1756.259 of 16CONMEBOLBolivia
50%
291.6711 of 12AsiaQatar
50%
1068.7511 of 16CONMEBOLEcuador
46%
1657.148 of 14UEFAGreece
38%
1458.337 of 12UEFACyprus
33%
7756 of 8UEFAAndorra
21%
972.738 of 11UEFAGibraltar
21%
6758 of 12CONCACAFGuatemala
21%
1264.299 of 14UEFAKazakhstan
17%
48012 of 15UEFASan Marino
17%
1458.337 of 12AsiaMalaysia
13%

Score Distribution

Percentile by Number Answered

Percent of People with Each Score

Your Score History

You have not taken this quiz